[Event "Olympiad-44"]
[Site "Chennai"]
[Date "2022.08.07"]
[Round "9.1"]
[White "Fancy, Stuart"]
[Black "Senglek, Khonesavanh"]
[Result "1-0"]
[WhiteElo "1984"]
[BlackElo "1253"]
[PlyCount "77"]
[EventDate "2022.07.29"]
[EventType "team-swiss"]
[EventRounds "11"]
[EventCountry "IND"]
[SourceTitle "CBM 210"]
[Source "ChessBase"]
[SourceDate "2022.10.31"]
[SourceVersion "1"]
[SourceVersionDate "2022.10.31"]
[SourceQuality "1"]
[WhiteTeam "Papua New Guinea"]
[BlackTeam "Laos"]
[WhiteTeamCountry "PNG"]
[BlackTeamCountry "LAO"]

1. e4 e6 2. d4 d5 3. e5 c5 4. c3 Nc6 5. Nf3 Qb6 6. Bd3 cxd4 7. cxd4 Nge7 8. 0-0 Ng6 9. h4 Nb4 10. Be2 Ne7 11. Nc3 Nf5 12. g4 Ne7 13. a3 Nbc6 14. Nb5 Ng8 15. b4 a6 16. Nd6+ Bxd6 17. exd6 Nf6 18. g5 Ne4 19. Qd3 Nxd6 20. Bf4 Qd8 21. Rfe1 Nc4 22. h5 g6 23. Nd2 Nxd2 24. Qxd2 f6 25. Kg2 e5 26. dxe5 fxe5 27. Bxe5 Nxe5 28. Bf3 Qd6 29. Qd4 Be6 30. Rxe5 0-0-0 31. Rxe6 Qc7 32. Rae1 Kb8 33. Bxd5 Rhf8 34. Re7 Rd7 35. Qe5 Rxe7 36. Qxe7 Qxe7 37. Rxe7 Rf5 38. Rxb7+ Kc8 39. Be6+ 1-0

[Event "Zonal 3.3 Online"]
[Site "Tornelo INT"]
[Date "2021.05.09"]
[Round "9"]
[White "Senglek, Khonesavanh"]
[Black "Loganathan, Divyadarrshini"]
[Result "0-1"]
[WhiteElo "1253"]
[BlackElo "1419"]
[PlyCount "84"]
[EventDate "2021.05.01"]
[EventType "swiss"]
[EventRounds "9"]
[EventCountry "PHI"]
[SourceTitle "CBM 202 Extra"]
[Source "ChessBase"]
[SourceDate "2021.07.31"]
[SourceVersion "1"]
[SourceVersionDate "2021.07.31"]
[SourceQuality "1"]

1. e4 c5 2. Nf3 d6 3. Bc4 Nc6 4. Nc3 Nf6 5. d3 g6 6. b3 Bg7 7. Bb2 0-0 8. Bd5 Nxd5 9. exd5 Nd4 10. Nxd4 cxd4 11. Ne2 Qa5+ 12. Qd2 Qxd5 13. 0-0 e5 14. Ng3 f5 15. Qb4 Bd7 16. Ba3 Bc6 17. Qc4 Qxc4 18. bxc4 Rad8 19. Rab1 Rfe8 20. Bb2 d5 21. cxd5 Bxd5 22. Ne2 Rc8 23. c3 dxc3 24. Nxc3 Bf7 25. Nb5 Rc2 26. Nc3 e4 27. Rfc1 exd3 28. Rxc2 dxc2 29. Rc1 Bxa2 30. h3 Bb3 31. g3 Rc8 32. Rxc2 Bxc2 33. Nd5 Rd8 34. Bxg7 Rxd5 35. Bh6 Rd1+ 36. Kh2 Be4 37. g4 a5 38. Be3 a4 39. Bc5 f4 40. f3 Bxf3 41. Bg1 Rd2+ 42. Bf2 Rxf2+ 0-1

[Event "Zonal 3.3 Online"]
[Site "Tornelo INT"]
[Date "2021.05.06"]
[Round "6"]
[White "Lim, Wei Sheng"]
[Black "Senglek, Khonesavanh"]
[Result "1-0"]
[WhiteElo "1814"]
[BlackElo "1253"]
[PlyCount "167"]
[EventDate "2021.05.01"]
[EventType "swiss"]
[EventRounds "9"]
[EventCountry "PHI"]
[SourceTitle "CBM 202 Extra"]
[Source "ChessBase"]
[SourceDate "2021.07.31"]
[SourceVersion "1"]
[SourceVersionDate "2021.07.31"]
[SourceQuality "1"]

1. d4 Nf6 2. c4 d5 3. cxd5 Qxd5 4. Nc3 Qd8 5. Nf3 Bf5 6. e3 e6 7. Bc4 Bb4 8. 0-0 Nbd7 9. Qb3 Bxc3 10. bxc3 Nb6 11. Be2 0-0 12. a4 Rb8 13. a5 Nbd5 14. c4 Ne7 15. Ba3 Re8 16. Bd3 Be4 17. Bxe4 Nxe4 18. Qd3 Nf6 19. e4 Nc6 20. Bb2 h6 21. Bc3 Ng4 22. Qe2 Nf6 23. e5 Nh7 24. Rfd1 Ng5 25. Ne1 Qd7 26. f4 Nh7 27. Nf3 Nf8 28. Qe4 Ng6 29. g3 Nge7 30. d5 exd5 31. cxd5 Nd8 32. Qd4 c5 33. Qxc5 Rc8 34. Qd4 Nf5 35. Qd3 Rc5 36. Be1 b6 37. axb6 axb6 38. Bf2 Rb5 39. d6 g6 40. Ra6 Ne6 41. Rxb6 Rxb6 42. Bxb6 Rb8 43. Bf2 Rc8 44. Qd5 Rc3 45. Ra1 Ne3 46. Qd2 Qc6 47. Bxe3 Rc2 48. Qd1 Rc3 49. Rc1 Rxc1 50. Bxc1 Nc5 51. Be3 Nd7 52. Nd4 Qe4 53. Bf2 f6 54. e6 Nc5 55. d7 Qd5 56. Qe2 Nxd7 57. exd7 Qxd7 58. Qe6+ Qxe6 59. Nxe6 Kf7 60. Nd4 g5 61. f5 h5 62. Kf1 h4 63. g4 h3 64. Ke2 Ke7 65. Kd3 Kd6 66. Ke4 Kc5 67. Ne6+ Kd6 68. Bd4 Ke7 69. Kd5 Kf7 70. Nc5 Ke7 71. Nd3 Kf7 72. Kd6 Kg7 73. Ke6 Kh6 74. Bxf6 Kh7 75. Bxg5 Kg7 76. Ke7 Kg8 77. f6 Kh7 78. Nf4 Kg8 79. Nxh3 Kh7 80. f7 Kg6 81. Bh4 Kh7 82. f8Q Kg6 83. Qf7+ Kh6 84. g5# 1-0